MARC

Tag First Indicator Second Indicator Subfields
LEADER 00000cam a2200000 a 4500
001 in00000001301
007 he bmb024baca
008 981015s1995 dcua b f000 0 eng d
005 20230309222500.9
035 |a (OCoLC)ocm40113829 
035 |a (OCoLC)40113829 
035 |9 AJB1696AM 
035 |a in00000001301 
040 |a GPO  |c GPO  |d DLC  |d MvI  |d UtOrBLW 
043 |a ec----- 
049 |a UDOC 
049 |a WWW 
074 |a 0378-H-05 (MF) 
074 |a 0378-H-05 (online) 
086 0 |a D 5.416:39 
100 1 |a Simon, Jeffrey,  |d 1942- 
245 1 0 |a Central European civil-military relations and NATO expansion /  |c Jeffrey Simon. 
246 2 |a Central European civil military relations and NATO expansion 
264 1 |a Washington, DC :  |b Institute for National Strategic Studies, National Defense University,  |c [1995] 
300 |a 157 pages :  |b illustrations ;  |c 23 cm. 
336 |a text  |b txt  |2 rdacontent 
337 |a microform  |b h  |2 rdamedia 
338 |a microfiche  |b he  |2 rdacarrier 
490 1 |a McNair paper,  |x 1071-7552 ;  |v no. 39 
500 |a Shipping list number: 1998-0987-M. 
500 |a "April 1995." 
500 |a Shipping list number: 98-0987-M. 
500 |a "April 1995" 
504 |a Includes bibliographical references. 
533 |a Microfiche.  |b [Washington, D.C.] :  |c Supt. of Docs., U.S. G.P.O.,  |d [1998]  |e 2 microfiches : negative. 
530 |a Also available via Internet from the NDU web site. Address as of 2/17/2001: http://www.ndu.edu/inss/macnair/mcnair39/m039cont.html ; current access available via PURL. 
500 |a Microform. 
610 2 0 |a North Atlantic Treaty Organization  |z Europe, Central. 
610 2 0 |a North Atlantic Treaty Organization  |x Armed Forces. 
650 0 |a Civil-military relations  |z Europe, Central. 
651 0 |a Europe, Central  |x Politics and government  |y 1989- 
651 0 |a Europe, Central  |x Military relations. 
710 2 |a National Defense University.  |b Institute for National Strategic Studies. 
830 0 |a McNair papers ;  |v no. 39. 
856 4 1 |u https://purl.fdlp.gov/GPO/LPS9350  |t 0 
856 4 1 |u http://www.ndu.edu/inss/macnair/mcnair40/mcnair40.pdf  |t 0 
999 |a MARS 
999 f f |i cbfbd3f5-d945-32d4-a224-15b77f3be9ed  |s e7caf957-9fa0-3796-8a22-dd233745a705  |t 0 
952 f f |p normal  |a Texas A&M University  |b College Station  |c Sterling C. Evans Library  |d Evans: US Documents Microfiche (3rd floor)  |t 0  |e D 5.416:39  |h Superintendent of Documents classification  |i microform -- microfiche  |m A14824373626 
952 f f |a Texas A&M University  |b College Station  |c Electronic Resources  |d Available Online  |t 0  |e D 5.416:39  |h Superintendent of Documents classification 
998 f f |a D 5.416:39  |t 0  |l Available Online 
998 f f |a D 5.416:39  |t 0  |l Evans: US Documents Microfiche (3rd floor)